书目信息 |
| 题名: |
门厅·客厅·书房设计
|
|
| 作者: | 胡美丽 主编 | |
| 分册: | ||
| 出版信息: | 哈尔滨 黑龙江科学技术出版社 1998.02 |
|
| 页数: | ||
| 开本: | 16开 | |
| 丛书名: | ||
| 单 册: | ||
| 中图分类: | TU238.2 | |
| 科图分类: | ||
| 主题词: | 建筑设计 | |
| 电子资源: | ||
| ISBN: | 7-5388-0814-0 | |
| 000 | 00564nam0 2200193 45 | |
| 001 | 0103161002 | |
| 005 | 20010316102103.1 | |
| 010 | @a7-5388-0814-0@d56.00元 | |
| 100 | @a20010316d1998 km y0chiy0120 ea | |
| 101 | 0 | @achi |
| 105 | @a z 000yy | |
| 200 | 1 | @a门厅·客厅·书房设计@AMen Ting·Ke Ting·Shu Fang She Ji@f胡美丽主编@FHu Mei Li Zhu Bian |
| 210 | @a哈尔滨@c黑龙江科学技术出版社@d1998.02 | |
| 215 | @d16开 | |
| 606 | 0 | @a建筑设计 |
| 690 | @aTU238.2@v3 | |
| 701 | 0 | @a胡美丽@4主编 |
| 801 | @aCN@bPftUser@c20010316 | |
| 905 | @b329407-409@dTU238.2@eH454@f3 | |
| 门厅·客厅·书房设计/胡美丽主编.-哈尔滨:黑龙江科学技术出版社,1998.02 |
| 16开 |
| ISBN 7-5388-0814-0:56.00元 |
| ● |
| 相关链接 |
|
|
|
正题名:门厅·客厅·书房设计
索取号:TU238.2/H454
 
预约/预借
| 序号 | 登录号 | 条形码 | 馆藏地/架位号 | 状态 | 备注 |
| 1 | 329407 | 203294078 | 建筑库101/101建筑库 55排3列4层/ [索取号:TU238.2/H454] | 在馆 | |
| 2 | 329408 | 203294087 | 建筑库101/101建筑库 55排3列4层/ [索取号:TU238.2/H454] | 在馆 | |
| 3 | 329409 | 203294096 | 建筑库101/101建筑库 55排3列4层/ [索取号:TU238.2/H454] | 在馆 |